It's Mandy, Mandy, Mandy Quiz Stats

 Plays Quiz not verified by Sporcle

Challenge
Share
Tweet
Embed
Score 0/21 Timer 02:00
0 Plays Today
% Correct
Mandy
91.3%
Mandy Moore
60.9%
Barry Manilow!!!
47.8%
Mandy Patinkin
30.4%
Peter Mandelson
8.7%
Mandy Miller
4.3%
Mandy Rice-Davies
4.3%
Mandy Smith
4.3%
Mandy Hope
4.3%
Mandy Bruno
0%
Mandy Capristo
0%
% Correct
Mandy Chiang
0%
Mandy Cho
0%
Mandy Gonzalez
0%
Mandy Haberman
0%
Mandy Hager
0%
Mandy Leach
0%
Mandy sellars
0%
Mandy Hampton
0%
Mandy Hutchinson
0%
Mandy Luxe
0%

You're not logged in!

Compare scores with friends on all Sporcle quizzes.
OR
Log In

You Might Also Like...

Show Comments

Extras

Created Dec 14, 2010ReportNominate
Tags:mandy

Top Quizzes Today


Score Distribution

Your Account Isn't Verified!

In order to create a playlist on Sporcle, you need to verify the email address you used during registration. Go to your Sporcle Settings to finish the process.

Report this User

Report this user for behavior that violates our Community Guidelines.

Details: